Деформация и свойства материалов для авиационной и космической техники : (Record no. 316479)
[ view plain ]
| 000 -LEADER | |
|---|---|
| fixed length control field | 01073nam a2200217 i 4500 |
| 001 - CONTROL NUMBER | |
| control field | 000920803 |
| 003 - CONTROL NUMBER IDENTIFIER | |
| control field | AM-YeHGA |
| 005 - DATE AND TIME OF LATEST TRANSACTION | |
| control field | 20250617145655.0 |
| 008 - FIXED-LENGTH DATA ELEMENTS--GENERAL INFORMATION | |
| fixed length control field | 020227s1982 ru r 000 0 rus d |
| 040 ## - CATALOGING SOURCE | |
| Original cataloging agency | AM-YeHGA |
| 041 1# - LANGUAGE CODE | |
| Language code of text/sound track or separate title | rus |
| Language code of original | eng |
| 090 ## - LOCALLY ASSIGNED LC-TYPE CALL NUMBER (OCLC); LOCAL CALL NUMBER (RLIN) | |
| -- | 318206 |
| 245 00 - TITLE STATEMENT | |
| Title | Деформация и свойства материалов для авиационной и космической техники : |
| Remainder of title | Труды международной конференции, Хоулдсворт, 1977 / |
| Statement of responsibility, etc. | Пер. с англ. под ред. С. Г. Глазунова. |
| 246 14 - VARYING FORM OF TITLE | |
| Title proper/short title | Forging and properties of aerospace materials |
| 260 ## - PUBLICATION, DISTRIBUTION, ETC. | |
| Place of publication, distribution, etc. | Москва : |
| Name of publisher, distributor, etc. | Металлургия, |
| Date of publication, distribution, etc. | 1982. |
| 300 ## - PHYSICAL DESCRIPTION | |
| Extent | 374 с. : |
| Other physical details | ил. ; |
| Dimensions | 22 см. |
| 504 ## - BIBLIOGRAPHY, ETC. NOTE | |
| Bibliography, etc. note | Библиогр. в конце докл. |
| 653 0# - INDEX TERM--UNCONTROLLED | |
| Uncontrolled term | Авиационные материалы - Физико-механические свойства - Сборники |
| 700 1# - ADDED ENTRY--PERSONAL NAME | |
| Personal name | Глазунов, Сергей Георгиевич |
| Relator term | ред. |
| Relationship | edt |
| 711 2# - ADDED ENTRY--MEETING NAME | |
| Meeting name or jurisdiction name as entry element | Международная конференция |
| Withdrawn status | Lost status | Damaged status | Not for loan | Collection | Home library | Current library | Date acquired | Total checkouts | Full call number | Barcode | Date last seen | Price effective from | Koha item type | Public note |
|---|---|---|---|---|---|---|---|---|---|---|---|---|---|---|
| General | Fundamental Scientific Library | Fundamental Scientific Library | 09/01/2017 | PII/494915 | FL0241718 | 09/01/2017 | 09/01/2017 | Գրքեր / Books | 30 Days Loan |
ՀՀ Գիտությունների ազգային ակադեմիայի հիմնարար գիտական գրադարան = Fundamental Scientific Library of NAS RA
All site content, except where otherwise noted, is licensed under a